| 000 | 00000nam 2200000zi 4500 |
| 001 | 9.947486 |
| 003 | CaOODSP |
| 005 | 20250206071959 |
| 006 | m o d f |
| 007 | cr bn||||||||| |
| 008 | 250129e197209##oncdo ob f000 0 eng d |
| 040 | |aCaOODSP|beng|erda|cCaOODSP |
| 043 | |an-cn-nk |
| 086 | 1 |aDR52-19/1-1972E-PDF |
| 100 | 1 |aForshaw, S. E., |eauthor. |
| 245 | 12|aA survey of noise hazards at the Combat Arms School, CFB Gagetown / |cS.E. Forshaw, C.G. Coffey, R.A. Stong. |
| 264 | 1|aDownsview, Ontario : |bDefence and Civil Institute of Environmental Medicine, Behavioural Sciences Division : |bDefence Research Board - Department of National Defence - Canada, |cSeptember 1972. |
| 300 | |a1 online resource (v, 175 pages) : |bgraphs, photographs. |
| 336 | |atext|btxt|2rdacontent |
| 337 | |acomputer|bc|2rdamedia |
| 338 | |aonline resource|bcr|2rdacarrier |
| 490 | 1 |aDCIEM report ; |vno. 814 |
| 500 | |a"Unclassified." |
| 500 | |aDigitized edition from print [produced by Defence R&D Canada]. |
| 504 | |aIncludes bibliographical references (pages 14-15). |
| 520 | 3 |a"This report lists the results of a DCIEM-DRES noise survey at the Combat Arms School, Canadian Forces Base Gagetown, and presents recommendations arising from analyses of the data"--Abstract, page v. |
| 610 | 10|aCanada. |bCanadian Forces Base (Gagetown, N.B.)|xNoise. |
| 610 | 16|aCanada. |bBase des Forces canadiennes (Gagetown, N.-B.)|xBruit. |
| 650 | 0|aMilitary post schools|xNoise. |
| 650 | 0|aNoise|xMeasurement. |
| 650 | 6|aÉcoles dans les bases militaires|xBruit. |
| 650 | 6|aBruit|xMesure. |
| 710 | 2 |aDefence and Civil Institute of Environmental Medicine (Canada). |bBehavioral Sciences Division, |eissuing body. |
| 710 | 1 |aCanada. |bDefence Research Board, |eissuing body. |
| 830 | #0|aDCIEM report ;|vno. 814.|w(CaOODSP)9.941842 |
| 856 | 40|qPDF|s7.70 MB|uhttps://publications.gc.ca/collections/collection_2025/rddc-drdc/DR52-19-1-1972-eng.pdf |
| 986 | |a18863 |